地理院地図に載っている首都以外の海外の都市名 - Statistics

General Stats
  • This quiz has been taken 411 times
  • The average score is 27 of 69
Answer Stats
都市 % Correct
シャンハイ/上海
96%
韓国 プサン/釜山
95%
ベトナム ホーチミン
84%
シドニー
79%
ホンコン/香港
77%
ニューヨーク
74%
トルコ イスタンブール
72%
ロサンゼルス
72%
リオデジャネイロ
72%
メルボルン
70%
チョンチン/重慶
68%
ロシア サンクトペテルブルク
66%
サンパウロ
65%
スペイン バルセロナ
64%
ムンバイ
63%
カナダ バンクーバー
63%
フランクフルト
61%
シカゴ
61%
ミュンヘン
60%
トロント
60%
アメリカ サンフランシスコ
59%
ウラジオストク
58%
パース
56%
コワンチョウ/広州
55%
南アフリカ ケープタウン
54%
ニュージーランド オークランド
49%
パキスタン カラチ
47%
インド コルカタ
46%
ハンブルク
45%
マルセイユ
45%
モントリオール
44%
ターリエン/大連
43%
イスラエル テルアビブ
43%
パレスチナ ガザ
42%
ブリスベン
39%
ボン
39%
エジプト アレクサンドリア
38%
チンタオ/青島
37%
クライストチャーチ
32%
タンザニア ダルエスサラーム
30%
イギリス エディンバラ
29%
オーストラリア ケアンズ
28%
タイ チェンマイ
27%
チェンナイ
23%
カルガリー
21%
ハバロフスク
20%
ブラジル マナウス
20%
ジョホールバル
18%
スラバヤ
18%
ドイツ デュッセルドルフ
17%
ボリビア スクレ
17%
中国 シェンヤン/瀋陽
16%
インドネシア ジャカルタ
16%
サウジアラビア ジッダ
16%
エドモントン
16%
フランス ストラスブール
12%
コタキナバル
10%
豊原/ユジノサハリンスク
10%
サンタクルス
10%
デンパサール
9%
マレーシア ペナン
8%
メダン
8%
マカッサル
7%
レシフェ
6%
ポルトアレグレ
6%
パラグアイ ポルトアレグレ
6%
クリチバ
5%
ベレン
4%
フィリピン ダヴァオ
3%
No matching quizzes found
Score Distribution
Percent of People with Each Score
Percentile by Number Answered
Your Score History
You have not taken this quiz